000 00329 a2200157 4500
001 185247
020 _a978-85-60655-05-2
040 _cMagnum
100 _aSant´anna, Eliana
240 1 0 _aXô mosquito i
_lpor
245 1 0 _aXô mosquito i
300 _a30
362 0 _a2009
697 _aLITERATURA INFANTO
942 _cBK
999 _c185247
_d185247